Guess the Pokémon by Its Pokédex Entry - Statistics

General Stats
  • This quiz has been taken 191 times
  • The average score is 7 of 20
Answer Stats
Pokédex Entry Pokémon % Correct
When its huge eyes waver, it sings a mysteriously soothing melody that lulls its enemies to sleep. Jigglypuff
89%
They say this wielder of electricity has waged war with its nemesis, Tornadus, since time immemorial. The lightning bolts it hurls pierce the very earth and enrich the soil. Thundurus
70%
On a moonless night, a strange incident occurred in which every one of a village's inhabitants suffered nightmares. The villagers attested that _______ appeared before them in these nightmares. Darkrai
61%
It has some similarities to a Pokémon introduced in a dubious magazine as a Tyranitar from one billion years into the future. Iron Thorns
54%
_______ is two creatures in one Pokémon. Its evolution was triggered by a special apple grown only in one place. Dipplin
53%
It senses coming disasters and appears before people only to warn them of impending danger. Absol
52%
It moves below the sand's surface, exposing only its nose and eyes. A black membrane shields its eyes from the sun. Sandile
35%
This calm and gentle Pokémon swims gracefully through the sea. After building speed, it can leap out of the water. It is often misidentified as a bird Pokémon due to this behavior. Mantine
34%
Psychic power allows these Pokémon to fly. Some say they were the guardians of an ancient city. Others say they were the guardians' emissaries. Sigilyph
34%
During the spawning season, countless _______ congregate at coral reefs, turning the waters pink. Luvdisc
32%
___________ owes its beautiful looks and lovely voice to the toxic stimulants emanating from the chain wrapped around its body. Fezandipiti
31%
It has the power to predict the future. Its power peaks when it is protecting its Trainer. Gardevoir
31%
The surface of this Pokémon's skin hardens when exposed to intense heat, and its body has an appetizing aroma. Dachsbun
29%
Once each year, this Pokémon scatters its seeds. They're jam-packed with nutrients, making them a precious food source out in the desert. Maractus
23%
The hotter the flame sac in its belly, the faster it can fly, but it takes some time to get the fire going. Fletchinder
22%
Its cries sound like incantations to torment the foe. It appears where you least expect it. Mismagius
16%
This Pokémon generates electricity when it digests food. It uses its five hard teeth to scrape seaweed off surfaces and eat it. Pincurchin
14%
Its legs are newly grown, and it can't walk very well. It seems to prefer swimming through the water instead. Poliwag
11%
It lives in the shallows of warm seas. When the tide goes out, it digs up prey from beaches. Cradily
3%
It picks food from cactus plants, deftly avoiding buds and spines. It seems to skip about to move. Natu
2%
No matching quizzes found
Score Distribution
Percent of People with Each Score
Percentile by Number Answered
Your Score History
You have not taken this quiz